000 00588nam a2200193Ia 4500
003 GCL
008 140319s9999 xx 000 0 ara d
040 _aGCL /
_cGCL
082 0 4 _a239
_bم س
100 1 _aمحمد سيد طنطاوى
245 1 0 _aالسرايا الحربية فى العهد النبوى /
_cمحمد سيد طنطاوى
260 _a[S.N] :
_bالزهراء للاعلام العربى ،
_c1990
300 _a156 ص
490 _a
650 0 4 _aالاسلام
650 0 4 _aالسيرة النبوية
650 0 4 _aغزوات النبى
942 _2ddc
_cBK
999 _c54145
_d54145